000 00673nam a2200181 i 4500
001 29301
003 ES-MaACL
005 20230906154016.0
007 t|
008 030121s1915 sp ||||1| fre d
080 _a91(460)
100 1 _aBallester y Castell, Rafael.
_925027
245 1 0 _aAperçu de la géographie générale d l'Espagne
_b: conference faite à Barcelone le 27 juillet 1914 (VIIIe Cours International D'Expansion Commerciale) /
_cpar Raphäel Ballester Castell.
260 _aBarcelona :
_b[s.n.],
_c1915 (
_fImp. Moderne de Guinart et Pujolar)
300 _a20 p. ;
_c24 cm.
651 4 _aEspaña-
_xGeografía.
_98200
852 _aES-MaACL
_jT-1472-F-10
999 _c29301
_d29301